书目信息 |
| 题名: |
《汉语拼音方案》的制订和应用
|
|
| 作者: | ;文字改革出版社 编 | |
| 分册: | ||
| 出版信息: | 北京 文字改革出版社 1983 |
|
| 页数: | 237页 | |
| 开本: | 21cm | |
| 丛书名: | ||
| 单 册: | ||
| 中图分类: | H125.2 | |
| 科图分类: | ||
| 主题词: | 汉语拼音方案--制订 | |
| 电子资源: | ||
| ISBN: | ||
| 000 | 00681nam0 2200229 45 | |
| 001 | 0183011000 | |
| 005 | 20060810103744.12 | |
| 010 | @dCNY0.98 | |
| 091 | @a9060.662 | |
| 100 | @a19950522d1983 em y0chiy0121 ea | |
| 101 | 0 | @achi |
| 102 | @aCN@b110000 | |
| 105 | @ay z 000yy | |
| 200 | 12 | @a《汉语拼音方案》的制订和应用@Ahan yu pin yin fang an de zhi ding he ying yong@f文字改革出版社编 |
| 210 | @a北京@c文字改革出版社@d1983 | |
| 215 | @a237页@d21cm | |
| 606 | @a汉语拼音方案@x制订 | |
| 690 | @aH125.2@v3 | |
| 711 | 02 | @a文字改革出版社@Awen zi gai ge chu ban she@4编 |
| 801 | 2 | @aCN@bNLC@c20060810 |
| 801 | 0 | @aCN@b上海图书馆@c20040421 |
| 905 | @f2@b102665-666@dH125.2@e10 | |
| 《汉语拼音方案》的制订和应用/文字改革出版社编.-北京:文字改革出版社,1983 |
| 237页;21cm |
| ISBN :CNY0.98 |
| ● |
| 相关链接 |
|
|
|
|
正题名:《汉语拼音方案》的制订和应用
索取号:H125.2/10
 
预约/预借
| 序号 | 登录号 | 条形码 | 馆藏地/架位号 | 状态 | 备注 |
| 1 | 0102665 | 001928711 | 第四借阅区/ [索取号:H125.2/10] | 在馆 | |
| 2 | 0102666 | 001928677 | 第四借阅区/ [索取号:H125.2/10] | 在馆 | |
| 3 | 0102667 | 202073987 | 第二样本阅览室/ [索取号:H125.2/10] | 在馆 | |
| 4 | 0450848 | 204508489 | 密集书库/ [索取号:H125.2/10] | 在馆 |